| 000 | 01317nam a2200301Ia 4500 | ||
|---|---|---|---|
| 001 | ebr10354018 | ||
| 003 | CaPaEBR | ||
| 006 | m u | ||
| 007 | cr cn||||||||| | ||
| 008 | 090630s2009 gau sb 001 0 eng d | ||
| 010 | _z 2009027098 | ||
| 020 | _z9781589833562 (paper binding : alk. paper) | ||
| 040 |
_aCaPaEBR _cCaPaEBR |
||
| 035 | _a(OCoLC)587391869 | ||
| 050 | 1 | 4 |
_aBS186 _b.T73 2009eb |
| 245 | 0 | 0 |
_aTranslation that openeth the window _h[electronic resource] : _breflections on the history and legacy of the King James Bible / _cedited by David G. Burke. |
| 260 |
_aAtlanta : _bSociety of Biblical Literature, _cc2009. |
||
| 300 | _axxiii, 274 p. | ||
| 490 | 0 |
_aSociety of biblical literature biblical scholarship in North America ; _vno. 23 |
|
| 504 | _aIncludes bibliographical references and index. | ||
| 533 |
_aElectronic reproduction. _bPalo Alto, Calif. : _cebrary, _d2010. _nAvailable via World Wide Web. _nAccess may be limited to ebrary affiliated libraries. |
||
| 630 | 0 | 0 |
_aBible. _lEnglish _xVersions _xAuthorized _xHistory. |
| 650 | 0 | _aTheology. | |
| 655 | 7 |
_aElectronic books. _2local |
|
| 700 | 1 | _aBurke, David G. | |
| 710 | 2 | _aebrary, Inc. | |
| 856 | 4 | 0 |
_uhttp://site.ebrary.com/lib/rucke/Doc?id=10354018 _zAn electronic book accessible through the World Wide Web; click to view |
| 999 |
_c33881 _d33881 |
||